Qué tan bien está nuestro liceo?: prácticas de los estudiantes

Gespeichert in:
Bibliographische Detailangaben
Hauptverfasser: Briones S., Leopoldo (VerfasserIn), Chaparro, Mónica (VerfasserIn), Dahuabe, Denisse (VerfasserIn), Fuentealba, Rodrigo (VerfasserIn), Vera, Leonardo (VerfasserIn)
Weitere Verfasser: Noguera Echenique, María Inés (autora)
Format: Buch
Sprache:Spanisch
Veröffentlicht: Santiago Mineduc 2002
Schriftenreihe:Matrices de Evaluación
Schlagworte:
Tags: Tag hinzufügen
Keine Tags, Fügen Sie den ersten Tag hinzu!

MARC

LEADER 00000nam a2200000 a 4500
001 UCL1096
003 CL-VaPUC
008 030829e20020000CL |||||||||||||||||spa|d
082 0 4 |a 373.83  |b BRI  |2 21 
100 0 |a Briones S., Leopoldo  |e author  |9 477932 
700 0 |a Chaparro, Mónica  |e author  |9 477933 
700 0 |a Dahuabe, Denisse  |e author  |9 477934 
700 0 |a Fuentealba, Rodrigo  |e author  |9 477935 
700 0 |a Vera, Leonardo  |e author  |9 477936 
700 |a Noguera Echenique, María Inés  |e autora  |9 479012 
245 1 0 |a Qué tan bien está nuestro liceo?: prácticas de los estudiantes 
300 |a 16 p 
942 |c BK 
945 |d 20030829 00:00:00  |a cmena 
260 |a Santiago  |b Mineduc  |c 2002 
500 |a Incluye poster: Síntesis de autoevaluación 
500 |a Complementario con: Orientaciones para autoevaluación. Prácticas de gestión. Prácticas pedagógicas. Plan de trabajo. Cuenta pública 
650 0 |a Evaluación de la educación   |9 237505 
650 0 |a Calidad de la educación   |9 307271 
650 0 |a Autoevaluación   |9 307807 
583 |a last modification  |c 20030829 00:00:00  |k Rodrigo Vera 
490 0 |a Matrices de Evaluación 
999 |c 304774  |d 304772 
952 |0 0  |1 0  |4 0  |6 373_830000000000000_BRI_2002  |7 0  |8 P  |9 367503  |a BIBEDU  |b BIBEDU  |d 2019-11-21  |i 3917169  |o 373.83 BRI 2002  |p 3917169  |r 2019-11-21  |w 2019-11-21  |y BK  |k EPE